Cancionero y romancero de ausencias

Salvato in:
Dettagli Bibliografici
Autore principale: Hernández, Miguel (Autore)
Natura: Libro
Lingua:spagnolo
Pubblicazione: Barcelona Lumen 1978
Serie:Colección El Bardo, 126
Soggetti:
Tags: Aggiungi Tag
Nessun Tag, puoi essere il primo ad aggiungerne!!

MARC

LEADER 00000nam a2200000 a 4500
001 UCX5704
003 CL-VaPUC
008 930108e19780000SP |||||||||||||||||spa|d
082 0 4 |a 861  |b HER  |2 21 
100 0 |a Hernández, Miguel  |e author  |9 265382 
245 1 0 |a Cancionero y romancero de ausencias 
300 |a 153 p 
942 |c BK 
945 |d 19930108 00:00:00 
260 |a Barcelona  |b Lumen  |c 1978 
650 0 |a Poesías españolas  |9 265100 
583 |a last modification  |c 19930108 00:00:00  |k Rodrigo Vera 
490 0 |a Colección El Bardo, 126 
999 |c 225900  |d 225898 
952 |0 0  |1 0  |4 0  |6 861_000000000000000_HER_1978  |7 0  |8 A  |9 223820  |a BIBEDU  |b BIBEDU  |d 2019-11-15  |i 2926415  |o 861 HER 1978  |p 2926415  |r 2019-11-15  |w 2019-11-15  |y BK  |k LIT